AH International Schools' Libraries

Chick and duckling visits the city (KHMER) / (Record no. 48845)

MARC details
000 -LEADER
fixed length control field 00321nam a2200109 4500
100 ## - MAIN ENTRY--PERSONAL NAME
Personal name Kong, Sokkeng
9 (RLIN) 86237
245 ## - TITLE STATEMENT
Title Chick and duckling visits the city (KHMER) /
Statement of responsibility, etc Kong Sokkeng
260 ## - PUBLICATION, DISTRIBUTION, ETC. (IMPRINT)
Place of publication, distribution, etc Cambodia
Name of publisher, distributor, etc S.J. Metta Karuna
Date of publication, distribution, etc 2020
300 ## - PHYSICAL DESCRIPTION
Extent 30 p.
Other physical details col. ill.
Dimensions 20 cm.
650 ## - SUBJECT ADDED ENTRY--TOPICAL TERM
Topical term or geographic name as entry element Khmer Fiction
9 (RLIN) 80279
942 ## - ADDED ENTRY ELEMENTS (KOHA)
Source of classification or shelving scheme
Koha item type Book
Holdings
Withdrawn status Lost status Source of classification or shelving scheme Damaged status Not for loan Collection code Home library Current library Date acquired Total Checkouts Full call number Barcode Checked out Date last seen Date checked out Price effective from Koha item type
          Siem Riep Asian Hope Primary Library Asian Hope Primary Library 04/21/2025 8 KHMER E KON 207845 05/07/2026 04/30/2026 04/30/2026 04/21/2025 Book

For any Logos Library related questions please contact Miss Art at swongnarasuk@asianhope.org.

For any Asian Hope Library related questions please contact Miss Raza at graza@asianhope.org.

Powered by Koha